000 00612nam a2200181Ia 4500
008 190805s9999||||xx |||||||||||||| ||und||
020 _a9780081007662
_c
_99.95
082 0 4 _a334.091724
_bY48
100 1 _aYescombe, E. R.
245 1 0 _aPublic-Private Partnerships for Infrastructure : principles of policy and finance /
_cE. R. Yescombe and Edward Farquharson
250 _a2nd ed.
260 _aOxford :
_bButterworth- Heinemann,
_c2018
300 _axv, 531 p.
_b : ill.
_c; 24 cm.
650 0 _aPublic-private sector cooperation
700 1 _aFarquharson, Edward
942 _cRT
999 _c394
_d394